Trouve le Kpop groupe avec une photo de MV - Statistiques

Statistiques générales
  • Ce quiz a été pris 243 fois
  • Le résultat moyen est 11 sur 16
Statistiques - réponses
Par images Réponse % Correct
blackpink
96%
twice
96%
ive
94%
bigbang
93%
straykids
91%
bts
86%
enhypen
81%
ateez
79%
i-dle
79%
aespa
77%
le sserafim
73%
exo
56%
nct 127
50%
seventeen
50%
stayc
20%
shinee
14%
Aucun quiz correspondant
Distribution des résultats
% des personnes avec chaque résultat
Percentile par nombre de réponses
Votre historique - résultats
Vous n’avez pas pris ce quiz